000 00211nam a2200121Ia 4500
100 _a#N/A
650 _aComputers
942 _cBK
654 _anivio
245 _aNIVIO
260 _b#N/A
546 _aENGLISH
999 _c23701
_d23701